Netherlands Squad FIFA World Cup 2026 - Statistics

General Stats
  • This quiz has been taken 84 times
  • The average score is 21 of 29
Answer Stats
Position Club Name % Correct
CB Liverpool Virgil Van Dijk
96%
RB Inter Milan Denzel Dumfries
95%
CM Barcelona Frenkie De Jong
93%
LW Liverpool Cody Gakpo
89%
RB Liverpool Jeremie Frimpong
89%
RW Corinthians Memphis Depay
89%
CB Man City Nathan Ake
89%
CB Man United Matthijs De Ligt
88%
CM Man City Tijjani Reijnders
88%
GK Brighton Bart Verbruggen
86%
LB Arsenal Jurrien Timber
86%
CB Spurs Mickey Van de Ven
86%
CM Marseille Quinten Timber
86%
CDM Liverpool Ryan Gravenberch
86%
CB Inter Milan Stefan De Vrij
82%
Manager ... Ronald Koeman
77%
ST Sunderland Brian Brobbey
73%
CAM Spurs Xavi Simons
73%
CAM Juventus Teun Koopmeiners
70%
LB Chelsea Jorrel Hato
66%
GK Leverkusen Mark Flekken
66%
LW Galatasaray Noa Lang
59%
ST Ajax Wout Weghorst
59%
ST AS Roma Donyell Malen
57%
RB Sunderland Lutsharel Geertruida
52%
CDM PSV Jerdy Schouten
50%
GK Genoa Justin Bijlow
32%
CM AZ Kees Smit
29%
CM Feyenoord Luciano Valente
16%
No matching quizzes found
Score Distribution
Percent of People with Each Score
Percentile by Number Answered
Your Score History
You have not taken this quiz